000 00424nam a2200181Ia 4500
001 10427
005 20260306161831.0
008 260306t2001||||xx |||||||||||||| ||spa||
041 _aESP
082 _a928
_bJ15
100 _aJaguande D'Anjoy, Alfonso
_eAUT
245 0 _aEl sabio Julio C. Tello
260 _c2001
300 _a231 páginas :
_c20 cm.
650 _aGEN
654 _aCHU
942 _cLIB
_dJUS
_fJUS
_2ddc
_n
999 _c10427
_d10427